000 00676nam a2200241 i 4500
001 C2-0118101
003 PPAK
005 20180727111015.0
008 970729s1972 ja |||| ||||| | eng d
020 _a0870114719
040 _aPPAK
_beng
_cPPAK
_erda
082 0 4 _a952
_223
090 0 0 _a952
_bPAC
_dG
100 0 _aThe Pacific War Research Society,
_eauthor
245 1 4 _aThe day man lost :
_bHiroshima , 6 August, 1945
264 1 _aTokyo, Japan :
_bKodansha International ,
_c1972
300 _a311 pages ;
_c18 cm
336 _2rdacontent
_atext
337 _2rdamedia
_aunmediated
338 _2rdacarrier
_avolume
650 1 0 _aJapan - History
942 _ddc
_cB
999 _c31993
_d31993